000 00727nam a2200193Ii 4500
003 JO-AjNU
008 230605s9999||||xx |||||||||||||| ||und||
040 _aJO-AjNU
_bara
_erda
_cJO-AjNU
041 _aara
050 1 4 _aBP170.85.A2846 1992
100 3 _aأبو زهرة، محمد,
_eauthor
_99938
245 0 0 _aالدعوة الى الإسلام تاريخها في عهد النبي والصحابة والتابعين والعهود المتلاحقة وما يجب الآن
264 3 1 _aالقاهرة: دار الفكر العربي، 1992
300 _a96ص
336 _atext
_btxt
_2rdacontent
337 _aunmediated
_bn
_2rdamedia
338 _avolume
_bnc
_2rdacarrier
650 4 _aدعوة اسلامية
_99939
999 _aA1554
_c5122
_d5122